Face2face: upper intermediate. Student's book
Guardat en:
| Autors principals: | , |
|---|---|
| Format: | Llibre |
| Idioma: | anglès |
| Publicat: |
Cambridge
Cambridge University Press
2007
|
| Edició: | 1a. ed |
| Matèries: | |
| Etiquetes: |
Afegir etiqueta
Sense etiquetes, Sigues el primer a etiquetar aquest registre!
|
MARC
| LEADER | 00000cam a2200000 a 4500 | ||
|---|---|---|---|
| 001 | UCF0410 | ||
| 003 | CL-VaPUC | ||
| 008 | 120517e20070000UK |||||||||||||||||eng|d | ||
| 020 | |a 9780521603379 | ||
| 082 | 0 | 4 | |a 428 |b RED |2 21 |
| 100 | 0 | |a Redston, Chris |e author |9 562220 | |
| 700 | 0 | |a Cunningham, Gillie |e author |9 562221 | |
| 245 | 1 | 0 | |a Face2face: upper intermediate. Student's book |
| 250 | |a 1a. ed | ||
| 300 | |a 160 p | ||
| 942 | |c BK | ||
| 945 | |d 20120517 00:00:00 |a cmena | ||
| 260 | |a Cambridge |b Cambridge University Press |c 2007 | ||
| 500 | |a Incluye: Upper intermediate student's book, Cd-Rom-audio CD | ||
| 650 | 0 | |a Educación lingüística |9 306506 | |
| 650 | 0 | |a Métodos de enseñanza |9 270413 | |
| 650 | 0 | |a Enseñanza del inglés |9 367340 | |
| 650 | 0 | |a Lengua inglesa |9 318842 | |
| 650 | 0 | |a Libros de texto |9 270019 | |
| 583 | |a last modification |c 20121105 12:40:40 |k Rodrigo Vera | ||
| 999 | |c 347740 |d 347738 | ||
| 952 | |0 0 |1 0 |4 0 |6 428_000000000000000_RED_2007 |7 0 |8 A |9 449293 |a BIBEDU |b BIBEDU |d 2019-11-22 |i 4868331 |o 428 RED 2007 |p 4868331 |r 2019-11-22 |w 2019-11-22 |y BK |k LIT | ||
| 952 | |0 0 |1 0 |4 0 |6 428_000000000000000_RED_2007 |7 0 |8 A |9 449294 |a BIBEDU |b BIBEDU |d 2019-11-22 |i 486834K |o 428 RED 2007 |p 486834K |r 2019-11-22 |w 2019-11-22 |y BK |k LIT | ||
| 952 | |0 0 |1 0 |4 0 |6 428_000000000000000_RED_2007 |7 0 |8 A |9 449295 |a BIBEDU |b BIBEDU |d 2019-11-22 |i 4868358 |o 428 RED 2007 |p 4868358 |r 2019-11-22 |w 2019-11-22 |y BK |k LIT | ||
| 952 | |0 0 |1 0 |4 0 |6 428_000000000000000_RED_2007 |7 0 |8 A |9 449296 |a BIBEDU |b BIBEDU |d 2019-11-22 |i 4921534 |o 428 RED 2007 |p 4921534 |r 2019-11-22 |w 2019-11-22 |y BK |k LIT | ||
| 952 | |0 0 |1 0 |4 0 |6 428_000000000000000_RED_2007 |7 0 |8 A |9 449297 |a BIBEDU |b BIBEDU |d 2019-11-22 |i 4921542 |l 1 |o 428 RED 2007 |p 4921542 |r 2023-08-23 |s 2023-08-23 |w 2019-11-22 |y BK |k LIT | ||
| 952 | |0 0 |1 0 |4 0 |6 428_000000000000000_RED_2007 |7 0 |8 A |9 449299 |a BIBEDU |b BIBEDU |d 2019-11-22 |i 4921569 |o 428 RED 2007 |p 4921569 |r 2019-11-22 |w 2019-11-22 |y BK |k LIT | ||
| 952 | |0 0 |1 0 |4 0 |6 428_000000000000000_RED_2007 |7 0 |8 A |9 449300 |a BIBEDU |b BIBEDU |d 2019-11-22 |i 4921577 |o 428 RED 2007 |p 4921577 |r 2019-11-22 |w 2019-11-22 |y BK |k LIT | ||
| 952 | |0 0 |1 0 |4 0 |6 428_000000000000000_RED_2007 |7 0 |8 A |9 449301 |a BIBEDU |b BIBEDU |d 2019-11-22 |i 4921585 |o 428 RED 2007 |p 4921585 |r 2019-11-22 |w 2019-11-22 |y BK |k LIT | ||
| 952 | |0 0 |1 0 |4 0 |6 428_000000000000000_RED_2007 |7 0 |8 A |9 449302 |a BIBEDU |b BIBEDU |d 2019-11-22 |i 4921593 |o 428 RED 2007 |p 4921593 |r 2019-11-22 |w 2019-11-22 |y BK |k LIT | ||
| 952 | |0 0 |1 0 |4 0 |6 428_000000000000000_RED_2007 |7 0 |8 A |9 449303 |a BIBEDU |b BIBEDU |d 2019-11-22 |i 4921607 |o 428 RED 2007 |p 4921607 |r 2019-11-22 |w 2019-11-22 |y BK |k LIT | ||
| 952 | |0 0 |1 0 |4 0 |6 428_000000000000000_RED_2007 |7 0 |8 A |9 449304 |a BIBEDU |b BIBEDU |d 2019-11-22 |i 4921615 |o 428 RED 2007 |p 4921615 |r 2019-11-22 |w 2019-11-22 |y BK |k LIT | ||
| 952 | |0 0 |1 0 |4 0 |6 428_000000000000000_RED_2007 |7 0 |8 A |9 449305 |a BIBEDU |b BIBEDU |d 2019-11-22 |i 4921623 |o 428 RED 2007 |p 4921623 |r 2019-11-22 |w 2019-11-22 |y BK |k LIT | ||
| 952 | |0 0 |1 0 |4 0 |6 428_000000000000000_RED_2007 |7 0 |8 A |9 449306 |a BIBEDU |b BIBEDU |d 2019-11-22 |i 4921631 |o 428 RED 2007 |p 4921631 |r 2019-11-22 |w 2019-11-22 |y BK |k LIT | ||
| 952 | |0 0 |1 0 |4 0 |6 428_000000000000000_RED_2007 |7 0 |8 A |9 449307 |a BIBEDU |b BIBEDU |d 2019-11-22 |i 492164K |o 428 RED 2007 |p 492164K |r 2019-11-22 |w 2019-11-22 |y BK |k LIT | ||
| 952 | |0 0 |1 0 |4 0 |6 428_000000000000000_RED_2007 |7 0 |8 A |9 449308 |a BIBEDU |b BIBEDU |d 2019-11-22 |i 4921658 |l 2 |o 428 RED 2007 |p 4921658 |r 2023-10-05 |s 2023-10-05 |w 2019-11-22 |y BK |k LIT | ||
| 952 | |0 0 |1 0 |4 0 |6 428_000000000000000_RED_2007 |7 0 |8 A |9 449309 |a BIBEDU |b BIBEDU |d 2019-11-22 |i 4921666 |o 428 RED 2007 |p 4921666 |r 2019-11-22 |w 2019-11-22 |y BK |k LIT | ||
| 952 | |0 0 |1 0 |4 0 |6 428_000000000000000_RED_2007 |7 0 |8 A |9 449310 |a BIBEDU |b BIBEDU |d 2019-11-22 |i 4921674 |l 2 |m 1 |o 428 RED 2007 |p 4921674 |r 2023-05-16 |s 2023-05-10 |w 2019-11-22 |y BK |k LIT | ||
| 952 | |0 0 |1 0 |4 0 |6 428_000000000000000_RED_2007 |7 0 |8 A |9 449312 |a BIBEDU |b BIBEDU |d 2019-11-22 |i 4921690 |l 1 |o 428 RED 2007 |p 4921690 |r 2023-08-23 |s 2023-08-23 |w 2019-11-22 |y BK |k LIT | ||
| 952 | |0 0 |1 0 |4 0 |6 428_000000000000000_RED_2007 |7 0 |8 A |9 449313 |a BIBEDU |b BIBEDU |d 2019-11-22 |i 4921704 |o 428 RED 2007 |p 4921704 |r 2019-11-22 |w 2019-11-22 |y BK |k LIT | ||
| 952 | |0 0 |1 0 |4 0 |6 428_000000000000000_RED_2007 |7 0 |8 A |9 449314 |a BIBEDU |b BIBEDU |d 2019-11-22 |i 4921712 |o 428 RED 2007 |p 4921712 |r 2019-11-22 |w 2019-11-22 |y BK |k LIT | ||